MARC

LEADER 00000nam0a2200000 4500
001 310212
005 20231102002250.0
035 |a (RuTPU)RU\TPU\book\335561 
035 |a RU\TPU\book\303562 
090 |a 310212 
100 |a 20151123d1981 k y0rusy50 ca 
101 0 |a rus 
102 |a RU 
105 |a a z 001zy 
200 1 |a Тектоническое развитие Альпийской складчатой области в палеозое  |g Академия наук СССР (АН СССР), Геологический институт (ГИН)  |f А. А. Белов 
210 |a Москва  |c Наука  |d 1981 
215 |a 212 с.  |c ил. 
225 1 |a Труды ГИН (Геологического института АН СССР)  |v Вып. 347 
320 |a Библиогр.: с. 198-201 
606 1 |a Тектоника  |2 stltpush  |3 (RuTPU)RU\TPU\subj\58770  |9 76521 
610 1 |a тектоническое развитие 
610 1 |a альпийская складчатость 
610 1 |a формирование 
610 1 |a горизонтальные движения 
610 1 |a тектоническое развитие 
610 1 |a история 
610 1 |a геологическое строение 
610 1 |a формирование 
610 1 |a палеозой 
610 1 |a складчатые области 
675 |a 551.24  |v 4 
700 1 |a Белов  |b А. А. 
712 0 2 |a Академия наук СССР (АН СССР)  |b Геологический институт (ГИН)  |c (Москва)  |2 stltpush  |3 (RuTPU)RU\TPU\col\11354 
801 1 |a RU  |b 63413507  |c 20141226 
801 2 |a RU  |b 63413507  |c 20171018  |g RCR 
942 |c BK